| 000 | 00534nam a2200169 a 4500 | ||
|---|---|---|---|
| 001 | 000042911 | ||
| 005 | 20201002040507.0 | ||
| 008 | 140212s1968 dr 000 0 spa d | ||
| 040 |
_aDO-SdBNP _bspa _cBNPHU |
||
| 082 |
_axxxx _bxxxx |
||
| 110 | 1 |
_aRepública Dominicana. _9447 |
|
| 240 | 1 | 2 | _a[Leyes, etc.] |
| 245 | 1 | 0 | _aLey núm. 299 sobre incentivo industrial. |
| 260 |
_aSanto Domingo : _bDirección General de Información y Prensa de la Presidencia, _c1968. |
||
| 300 |
_a26, [1] p. ; _c20 cm. |
||
| 590 | _aInventariado, 2018 /VM | ||
| 999 |
_c42400 _d42400 |
||